[Event "EU-ch 2nd"]
[Site "Ohrid"]
[Date "2001.06.04"]
[Round "4"]
[White "Tiviakov, Sergei"]
[Black "Smirnov, Pavel"]
[Result "1-0"]
[WhiteElo "2603"]
[BlackElo "2511"]
[Annotator "Tiviakov,S"]
[PlyCount "95"]
[EventDate "2001.06.01"]
[EventType "swiss"]
[EventRounds "13"]
[EventCountry "YUG"]
[SourceTitle "CBM 084"]
[Source "ChessBase"]
[SourceDate "2001.09.13"]
[SourceVersion "1"]
[SourceVersionDate "2001.09.13"]
[SourceQuality "1"]

{[My opponent in this game is a young talented Russian player who has been
playing very well in the tournament at the moment.]} 1. e4 c5 2. Nc3 Nc6 3. Bb5
{[I have started playing this rare line recently. See also my game against A.
Fedorov from Wijk aan Zee 2001.]} Nd4 4. Ba4 $5 ({The main move in the
position is} 4. Bc4 {, but A.Fedorov in our game demonstrated a clear way for
equality. I had to play something else, having had prepared the text specially
for this game.}) 4... a6 {[Black has several options in this position]} (4...
g6 {should be answered by} 5. Nf3 {with small advantage for White who leads in
the development. There are only a few games played, both sides have plenty of
possibilities to improve. E.g.} ({worse is} 5. f4 $6 Bg7 (5... Qa5 $5 {
deserves serious attention.}) 6. Nce2 (6. Nf3 Rb8 7. Nxd4 cxd4 8. Ne2 e6 9. O-O
Ne7 10. d3 O-O 11. Bd2 d6 12. Kh1 f5 13. Ng1 e5 14. Bb3+ Kh8 15. Qe2 Nc6 16.
Rae1 Qe7 17. Nf3 Be6 18. Bd5 fxe4 19. Qxe4 Bf5 20. Qe2 Qd7 21. Qf2 Be6 22. Bb3
Bxb3 23. axb3 exf4 24. Qh4 h5 25. Bxf4 Qg4 26. Qxg4 hxg4 27. Ng5 Be5 28. Bd2
Rf5 29. Rxf5 gxf5 30. Rf1 Rf8 31. Ne6 Rf7 32. g3 Kg8 33. Kg2 Rf6 34. Nc7 Kh7
35. Nd5 Rf7 36. b4 a6 37. c4 dxc3 38. bxc3 Kg6 39. d4 Bg7 40. Bf4 Ne7 41. Nb6
Rf6 42. Re1 Kf7 43. d5 Rg6 44. c4 Bc3 45. Rb1 Bd4 46. Na8 Rg8 47. Nc7 Rc8 48.
Bxd6 Bb6 49. Re1 Rxc7 50. c5 Nxd5 51. cxb6 Rc2+ 52. Kg1 Rc6 53. Bc5 Nxb6 54.
Re7+ Kg6 55. Rxb7 Na4 56. Bd4 Rd6 57. Be5 Re6 58. Ra7 Rxe5 59. Rxa6+ Kg5 60.
Rxa4 Re2 61. Ra8 Rb2 62. Rb8 Kf6 63. b5 Ke5 64. b6 Ke4 65. Re8+ Kf3 66. Re1
Rxb6 67. Rf1+ Ke4 68. Rf4+ Ke5 69. Kg2 {1/2-1/2 Werle,J-Van de Mortel,J/
Leeuwarden 2001/The Week in Chess 327 (69)}) 6... Nxe2 7. Qxe2 e6 8. Nf3 Ne7 9.
O-O O-O 10. c3 d5 11. e5 Bd7 12. Bc2 Qb6 13. Kh1 a5 14. b3 Qa6 15. Qf2 Rfc8 16.
Ba3 Qa7 17. d4 b6 18. Bd3 Bf8 19. g4 a4 20. f5 exf5 21. Nh4 f4 22. Qxf4 Be6 23.
Nf5 gxf5 24. gxf5 Bxf5 25. Bxf5 Nxf5 26. Qxf5 Rc6 27. Rg1+ Rg6 28. e6 Re8 29.
Rae1 axb3 30. exf7+ Qxf7 31. Qxf7+ Kxf7 32. Rgf1+ {1-0 Werle,J-Jens,J/
Hoogeveen 1999/EXT 2000 (32)}) 5... Bg7 (5... a6 6. Nxd4 cxd4 7. Ne2 Bg7 8. d3
e6 9. Bb3 Ne7 10. f4 b5 11. O-O O-O 12. Ng3 d5 13. Qf3 Bb7 14. Qf2 Kh8 15. Bd2
dxe4 16. dxe4 f5 17. e5 Qb6 18. c3 Rfd8 19. Rad1 Bf8 20. cxd4 Nd5 21. Ne2 Be7
22. Nc3 Nb4 23. Be3 Bd5 24. Nxd5 Nxd5 25. Bxd5 exd5 26. Rc1 Rac8 27. Qf3 Qb7
28. Bf2 Rc4 29. Qe3 Rdc8 30. b3 R4c6 31. Qd2 Ba3 32. Rxc6 Qxc6 33. Bh4 Kg7 34.
Bf6+ Kf7 35. Qf2 h5 36. Re1 Bb4 37. Rf1 Qc3 38. h3 Qd3 39. Qf3 Qxd4+ 40. Qf2
Qxf2+ 41. Kxf2 Rc2+ 42. Kf3 Ke6 43. Rb1 d4 44. Bh4 d3 45. Be1 d2 {0-1 Lip,
C-Phan Koshnitsky,N/Gold Coast AUS 2001/The Week in Chess 338 (45)}) (5... Qa5
$5) 6. O-O (6. Nxd4 $5 {is worth trying.}) 6... Qa5 (6... Nh6 7. Nxd4 cxd4 8.
Ne2 O-O 9. Bb3 (9. d3 d5 10. Nxd4 Bg4 11. Qd2 e5 12. Nf3 Bxf3 13. gxf3 Kh8 14.
Qg5 f6 15. Qh4 Nf7 16. Bb3 Ng5 17. Qg4 d4 18. f4 Nf7 19. f3 f5 20. Qh3 exf4 21.
Bxf4 Qf6 22. Kh1 g5 23. Bd2 f4 24. Bb4 Rfe8 25. Qh5 Ne5 26. Rg1 Nc6 27. Bd2 Re5
28. Rg4 Qg6 29. Qxg6 hxg6 30. Rag1 Bf6 31. h4 Kg7 32. hxg5 Bxg5 33. R1g2 {
1-0 Nieminen,K-McLean,J/Port Erin 1999/CBM 74 no vc (33)}) 9... b5 10. d3 Qb6
11. Bg5 e6 12. Qc1 Ng4 13. h3 Ne5 14. Bh6 Bb7 15. Kh1 Rac8 16. Bxg7 Kxg7 17.
Qd2 f5 18. Rae1 a5 19. a4 bxa4 20. Bxa4 fxe4 21. dxe4 d3 22. cxd3 Rxf2 23. d4
Nc4 24. Qg5 Rcf8 25. Rxf2 Rxf2 26. Qg3 Rf7 27. b3 Nd2 28. Qe5+ Kg8 29. Ng1 Qb4
30. Re3 Ba6 31. d5 Qc5 32. Rc3 Qf2 33. dxe6 dxe6 34. Be8 Rf6 35. Bd7 Nf1 36.
Bxe6+ Kg7 37. Rf3 Ng3+ 38. Rxg3 Bf1 39. Bc4 Bxc4 40. bxc4 Qf4 41. Qxf4 Rxf4 42.
Re3 Rf1 43. Ra3 Rc1 44. Rxa5 Rxc4 45. e5 Kh6 46. Nf3 Re4 47. Kh2 Re2 48. Ra7
Re3 49. Kg3 g5 50. Ra6+ Kh5 51. Kf2 {1-0 Nieminen,K-Laasanen,T/FIN 1998/EXT
2000 (51)}) 7. Rb1 (7. a3 $5 {is interesting.}) 7... a6 8. Nxd4 (8. Bb3 $5 {
is another option.}) 8... cxd4 (8... Bxd4 9. Bb3 d6 10. Nd5 e6 11. Ne3 b5 12.
c3 Bg7 13. d4 Bb7 14. d5 e5 15. a4 Ne7 16. Bc2 Qc7 17. Bd2 Bc8 18. axb5 axb5
19. f4 exf4 20. Rxf4 O-O {1-0 Dobrowolski Aleksander (POL)-Patla Robert (POL)/
Polanica Zdroj (Poland) 1999 (20)}) 9. Nd5 Qxa4 10. Nc7+ Kf8 11. Nxa8 Qxa2 $5 (
11... Qc6 12. c4 b6 13. Nxb6 Qxb6 14. b4 Nf6 15. d3 d6 16. a4 Nd7 17. a5 Qb7
18. Ba3 Bf6 19. f4 Kg7 20. b5 Qa8 21. b6 Bb7 22. Qg4 Qc8 23. Qg3 h5 24. Rbe1 h4
25. Qf2 h3 26. g3 Qc6 27. Bb4 Nc5 28. Qf3 e6 29. Kf2 Qa4 30. Bxc5 dxc5 31. Ra1
Qc6 32. Ke2 Be7 33. g4 f5 34. gxf5 exf5 35. Kd2 Qe6 36. Rae1 fxe4 37. Rxe4 Bxe4
38. Qxe4 Qxe4 39. dxe4 Rf8 40. Kd3 Bd6 41. e5 Bxe5 42. Ke4 Bb8 43. Rf3 Rf5 44.
Rxh3 Rxf4+ 45. Kd5 Rf5+ 46. Kc6 g5 47. Kb7 Be5 48. Kxa6 Rf1 49. Kb5 Ra1 50. a6
Kg6 51. a7 Kf5 52. Rh7 d3 53. Rd7 Bd4 54. Rd5+ Ke4 55. b7 d2 56. b8=Q d1=Q 57.
Qe8+ Kd3 58. Qg6+ Kc3 59. Kc6 Kxc4 60. Rxd4+ {1-0 Shchekachev,A-Van Wely,L/
Dordrecht 2000 (60)})) (4... Qa5 $5 {deserves serious attention. It yet has to
be tried in the tournament practice. The assesment of the whole line with 4.
Ba4 may depend on this move.}) 5. d3 b5 $146 ({After} 5... e6 6. Nf3 $14 {
White leads in the development and is slightly better.} (6. h4 $6 {worse is}
Qc7 7. f4 b5 8. Nf3 bxa4 9. Nxa4 Nf6 10. e5 Nd5 11. c4 Nb4 12. O-O Bb7 13. a3
Nbc6 14. Nxd4 Nxd4 15. b4 cxb4 16. Bb2 Bc5 17. Qh5 Qc6 18. Nxc5 Qxg2# {0-1
Richet Clement-Plantet Marc (FRA)/Montigny (France) 1999 (18)}) (6. Nge2 $14 {
is possible as well.})) 6. Bb3 Nxb3 (6... Bb7 7. Nf3 Nxb3 8. axb3 {leads us to
the same position as 6...Nb3.}) 7. axb3 Bb7 8. Nf3 $32 {[Black has a pair of
bishop, but White has a control in the centre and leads in the development.
White has the upper hand here.]} d6 ({Both} 8... e6 9. O-O $32) ({and} 8... Nf6
9. e5 Nd5 ({if} 9... Ng4 {then} 10. Bf4 {with advantage.}) 10. Ne4 $32 {
don't change the assessment of the position as better for White.}) 9. Bg5 $1
$32 {[Very strong move, making development of the Black pieces very difficult.]
} f6 ({After} 9... Nf6 10. Bxf6 $14) ({and} 9... h6 10. Bh4 g6 $14 {, followed
by Bg7, White still is slightly better, but these moves should have been
considered seriously since after the text move 9...f6 the development of the
knight g8 becomes very difficult.} (10... g5 $6 11. Bg3 $16)) 10. Bd2 $1 {
[Very important move, leaving the square e3 for the knight and also making
Black to lose a tempo defendig against the threat of Ba5 later.]} ({After} 10.
Be3 e5 $14 {Black is OK.}) 10... e5 ({The variation} 10... b4 11. Nd5 e6 12.
Ne3 $16 {demonstrates the advantage of the move 10.Bd2! over 10.Be3.}) 11. Nd5
{[Threatening Ba5.]} b4 ({White keeps the large advantage after} 11... Bxd5 12.
exd5 Ne7 ({or} 12... g6 13. c4 $16) 13. c4 $16) 12. c4 bxc3 ({After} 12... Bxd5
$5 13. cxd5 {, followed by Nh4, f4 with initiative on the king's side and in
the centre, White is much better. The pawn a6 and the square c4 are weak.} (13.
exd5 {is also possible.})) (12... Ne7 $5 {can be answered by} 13. O-O ({or} 13.
Nh4 $5)) 13. bxc3 Ne7 ({After} 13... Bxd5 14. exd5 $16 {White has a large
advantage.}) 14. c4 $16 Nxd5 15. exd5 $1 ({Stronger than} 15. cxd5 Be7 $14 {
followed by 0-0, f5 with counter-play.}) 15... Be7 16. b4 cxb4 17. Qa4+ $1 ({
It is very important to the exchange the queens. In the ending White has much
more chances to win the game, than in the position with the queens.} 17. Bxb4 {
is answered by} O-O $14 {and f5.}) 17... Qd7 (17... Kf7 18. Bxb4 $16 {is not
satisfactory for Black.}) 18. Bxb4 Qxa4 19. Rxa4 Kd7 20. Ke2 (20. Nd2 Rhb8 21.
Ke2 {leads to the same position as 20.Ke2.}) 20... Rhb8 21. Nd2 Bc8 22. Rha1 (
22. Nb3 $2 {is a mistake because of} Ke8 $1 ({not} 22... a5 23. Rha1 $16 {
and White is better.}) 23. Na5 Bd7 24. Nc6 Rb6 $15 {with advantage for Black.})
22... Rb6 23. Ba5 Rb2 24. Bc3 Rb6 25. R4a3 ({Immediate} 25. d4 {is possible as
well.}) 25... Rab8 26. Ba5 Rb2 27. Bc3 R2b6 {[White has repeated the position
to win some time to avoid zeitnot.]} 28. d4 $5 ({A difficult decision. White
is going to make Black to take on d4 by Ra5, threatening c4-c5. Another plan
in the position was} 28. Kd1 {, followed by Kc2, Nb3 etc.}) 28... exd4 $6 ({
Immediate capture on d4 makes White life much easier. Correct} 28... Bd8 $5 {
was better.}) 29. Bxd4 Rb4 30. Rh3 $1 {[25.R4a3 was a useful move!]} h6 31. Rg3
$1 Bf8 (31... g5 32. Rh3 $18 {loses the pawn h6 or f6.}) 32. Kd3 Kc7 $2 {
[This mistake loses the pawn.]} (32... Ke8 {was better than the text, but
still not enough to save the pawn a6. As found the post-mortem White has a
clear way to win the pawn after} 33. Kc3 Kf7 ({or} 33... Bf5 34. Re3+) 34. Re3
{(the plan is: Re1-c1, Ba7, ><a6)} ({immediate} 34. Ba7 R8b7 35. Rxa6 Rb2 $132
{gives Black counter-play after Bf5 and Rc2.}) 34... Bf5 35. Ree1 Rb2 36. Rec1
Bc8 37. Ba7 R8b4 38. Ra3 {(threatening to win the exchange by Nb3)} Rb7 39.
Rxa6 $18) (32... Ra8 $5 33. Kc3 Rbb8 $16 {was the only defence when White
still had to work hard to convert the positional advantage into a point.}) 33.
Bc3 $18 Bf5+ ({Both} 33... R4b6 34. Ba5 $18) ({and} 33... R4b7 34. Rxa6 $18 {
lose material as well.}) 34. Kd4 $5 (34. Ke2 R4b7 35. Rxa6 $18 {was an option
to the text.}) 34... R4b7 35. Rxa6 g5 36. Re3 {[Planning Ne4.]} Bc2 37. Ne4 Be7
38. Nxg5 $2 $138 ({In zeitnot White misses the easy forced win, making the
only mistake in the game.} 38. Ba5+ $1 Kd7 39. Nxd6 (39. Rxd6+ Bxd6 40. Nxf6+
Kc8 41. Re8#) 39... Bxd6 40. Rxd6+ Kxd6 41. c5+ Kd7 42. c6+ Kd6 43. Re6#) 38...
Kd7 39. Nh3 (39. Nf7 $18 {wins as well.}) 39... f5 40. Re6 Rc8 41. Nf4 Rbc7 (
41... Bb3 $142 {was better. White had to find} 42. Rc6 $1 ({not} 42. Ng6 Rxc4+
43. Kd3 Re4 $16) 42... Rxc6 43. dxc6+ Kxc6 44. Ng6 (44. Rxh6 $2 Bg5) 44... Bd8
(44... Bg5 45. f4) 45. Ne5+ Kc7 46. Nf7 $18 {winning.}) 42. c5 Rxc5 ({Or} 42...
dxc5+ 43. Ke5 $18) 43. Ra7+ R5c7 44. Rxc7+ Rxc7 45. Ng6 Bd8 46. Ba5 Ra7 47.
Bxd8 Kxd8 48. Rxd6+ 1-0

[Event "CRO-chT1A 19th"]
[Site "Sibenik"]
[Date "2010.09.04"]
[Round "1"]
[White "Tiviakov, Sergei"]
[Black "Vachier Lagrave, Maxime"]
[Result "1/2-1/2"]
[WhiteElo "2637"]
[BlackElo "2721"]
[Annotator "Tiviakov,S"]
[PlyCount "25"]
[EventDate "2010.09.04"]
[EventType "team-tourn"]
[EventRounds "9"]
[EventCountry "CRO"]
[SourceTitle "CBM 138 Extra"]
[Source "ChessBase"]
[SourceDate "2010.10.29"]
[SourceVersion "1"]
[SourceVersionDate "2010.10.29"]
[SourceQuality "1"]

1. e4 c5 2. Nc3 a6 3. f4 b5 4. d4 cxd4 5. Qxd4 Nc6 6. Qf2 Nf6 7. Bd3 e6 8. Nf3
Bb7 9. e5 (9. h3 b4 10. Na4 d5 11. exd5 Nxd5 $11) 9... Ng4 10. Qe2 (10. Qg3 h5
(10... Nh6 11. a3 b4 12. Nd1 f5 13. O-O Ng4 14. h3 Bc5+ 15. Kh1 h5 16. Nh2 Qb6
17. hxg4 hxg4 18. Be3 Nxe5 19. Kg1 Nf3+ 20. gxf3 Bxe3+ 21. Nxe3 Qxe3+ 22. Qf2
Qxf4 23. fxg4 Qxg4+ {0-1 Shkuro,I-Andreikin,D/Alushta UKR 2009/The Week in
Chess 760 (23)}) 11. h3 Nh6 12. Be3 Nb4 13. Nd4 (13. Qf2 Nxd3+ 14. cxd3 d5 15.
Bc5 Bxc5 16. Qxc5 Rc8 17. Qb4 Nf5 18. O-O Qb6+ 19. Kh2 Ne3 20. Rfc1 Rh6 21. Na4
Qd8 22. Nc5 Bc6 23. Nd4 Ng4+ 24. Kg1 Ne3 25. Qd2 Nf5 26. Nxf5 exf5 27. d4 Rg6
28. Kh2 Ba8 29. Rc2 Kf8 30. Rac1 Kg8 31. Qd3 Qh4 32. g3 Qd8 33. Qxf5 Rcc6 34.
Nb3 Rc4 35. Nd2 Bb7 36. Nxc4 dxc4 37. Rd2 Qd5 38. Qxh5 Rc6 39. Qe2 c3 40. bxc3
Rxc3 41. Rg1 g6 42. e6 fxe6 43. Qe5 Qc6 44. Qf6 Qe4 45. Qe5 Qc6 46. Re2 Kf7 47.
d5 Qc4 48. Qxe6+ Kg7 49. Qe7+ Kh6 50. Qg5+ Kg7 51. Re7+ {1-0 Boldysh
Maxim-Borisenko Vjacheslav (UKR)/Kramatorsk (Ukraine) 2009 (51)}) 13... Nxd3+
14. cxd3 h4 15. Qf2 b4 16. Ne4 $14) 10... Nb4 11. Be4 d5 (11... Bxe4 12. Nxe4
Nd5 $13) 12. exd6 Bxe4 13. Nxe4 (13. Nxe4 Bxd6 14. f5 (14. c3 Nd5 15. f5 O-O
16. fxe6 f5 17. Nd4 fxe4 18. Qxg4 Bc5 (18... Nf6 19. Qg5 $14) 19. Qxe4 Bxd4 20.
cxd4 Qd6 $44) 14... O-O (14... Rc8 15. c3 Bf4 16. cxb4 Rxc1+ 17. Rxc1 Bxc1 18.
fxe6 $16) 15. fxe6 f5 (15... fxe6 16. c3 Nd5 17. Nfg5 $18 Nxh2 18. Qh5 h6 19.
Nxe6) (15... Ne5) 16. Bg5 (16. Nxd6 Qxd6 $15) (16. Neg5 Bc5 $44) 16... Qc7 17.
Nc3 (17. Nxd6 Nxc2+ 18. Kf1 $15) 17... h6 $13) 1/2-1/2

[Event "Groningen op"]
[Site "Groningen"]
[Date "1999.12.29"]
[Round "10"]
[White "Najer, Evgeniy"]
[Black "Tiviakov, Sergei"]
[Result "1/2-1/2"]
[WhiteElo "2562"]
[BlackElo "2611"]
[Annotator "Tiviakov,S"]
[PlyCount "67"]
[EventDate "1999.12.19"]
[EventType "swiss"]
[EventRounds "11"]
[EventCountry "NED"]
[SourceTitle "EXT 2002"]
[Source "ChessBase"]
[SourceDate "2001.11.25"]
[SourceVersion "1"]
[SourceVersionDate "2001.11.25"]
[SourceQuality "1"]

{[%mdl 8] [This exciting and unusual game took place in the penultimate round
of the tournament when both the author and his opponent had been in the lead
with 7 points out of 9.]} 1. e4 c5 2. Nc3 Nc6 3. Bb5 Nd4 {[After 3...g6 4.Bxc6
White has a long-lasting advantage due to the Black's damaged pawns' structure.
]} 4. Bc4 (4. Ba4 $5 {is interesting and requires further practical tests.})
4... g6 5. Nf3 Bg7 6. Nxd4 $5 {[This move came as a complete surprise for me.
Evgeny has played Nf3:d4 only after the inclusion of the moves 6.0-0 Bg7
before.]} cxd4 7. Qf3 $5 {[Now Black faces serious problems, he has to be very
careful not to find himself in a lost position.]} Nh6 $8 {[The only move.]} (
7... e6 $2 {is bad after} 8. Nb5 Be5 ({both} 8... d6 9. Qa3 $5 Be5 10. d3 d5
11. f4 $16 {(Bangiev) and}) (8... Qb6 9. Qf4 $16 {are hopeless for Black.}) 9.
Qd3 (9. c3 {is possible as well. After} dxc3 10. d4 ({White is only slightly
better after} 10. dxc3 a6 11. Nd4 Qc7 12. Bb3 $14 {in Konieczka,F-Kern,J/
Bundesliga 1990}) 10... a6 11. dxe5 axb5 12. Bb3 cxb2 13. Bxb2 Qa5+ 14. Bc3 b4
15. Bb2 Qb5 16. O-O-O b6 17. Qe3 $16 {White according to Bangiev has an upper
hand.}) 9... Qb6 10. c3 dxc3 11. dxc3 a6 12. Be3 $16) (7... Nf6 $2 {loses the
pawn d4 after} 8. Nb5 O-O (8... e5 9. Nd6+ $18 {and}) (8... Qb6 9. e5 $18 {
both lose immediately.}) 9. Nxd4 {Black here is unable to get the compensation
for the pawn. For example,} d5 $1 10. exd5 e6 11. O-O exd5 12. Bb3 Re8 13. d3
Bg4 14. Qg3 Qd7 15. h3 Bh5 16. Be3 $16) 8. Ne2 (8. d3 O-O ({After} 8... dxc3 $6
9. Bxh6 Bf6 ({or} 9... O-O 10. Bxg7 Kxg7 11. bxc3 Qa5 12. d4 (12. Kd2 $5 {
is interesting.}) 12... b5 13. Bd5 Rb8 14. O-O $16 {and White keeps the extra
pawn.}) 10. b3 $16 {White advantage is unquestionable (Bangiev).}) 9. Ne2 {
leads us to the same position arising after 8.Ne2 0-0 9.d3} ({After} 9. Nb5 Qb6
$132 {Black has counter-play (Bangiev).})) 8... O-O (8... e6 {is an
alternative, although weaker than the text, since later on Black has to play
Nh6-g8-e7 in order to bring the knight into play. After} 9. d3 (9. Qd3 O-O 10.
Nxd4 d5 11. exd5 exd5 12. Bb3 Re8+ $36 {allows Black to develop a strong
initiative.}) 9... b5 (9... Ng8 $5 {deserves attention.}) 10. Bb3 {,} Ng8 $5 {
was necessary (Bangiev).} (10... Qb6 $6 {cost Black a pawn after} 11. Bxh6 Bxh6
12. Qf6 O-O 13. Qxd4 Qa5+ 14. c3 $16 {in Bangiev,A-Lagunow,A/Germany 1998/
GER-chT2})) 9. d3 (9. Qd3 $6 e6 {is a transposition of moves with the
variation 8...e6 9.Qd3 0-0.}) ({But} 9. h3 $5 {, preventing Black from
bringing Nh6 into play}) ({or} 9. Bb3 $5 {both deserve serious attention.}) {
[#]} 9... Ng4 $1 $146 {[Clear improvement. Black brings his awkwardly placed
into play.]} ({After} 9... Qb6 10. Qg3 (10. h3 $5 {followed by g4, deserves
attention.}) 10... d6 (10... Ng4 $5 {is better, than 10...d6.}) 11. h4 Qb4+ 12.
Bd2 Qxb2 13. Rc1 Ng4 14. h5 Bd7 15. hxg6 hxg6 16. f3 Ne5 17. Qh4 Rfc8 18. Qh7+
Kf8 19. Bh6 {White won in Branding,V-Haensel,T/Oberhof 1999.}) ({Also after} 
9... Qa5+ 10. Bd2 Qb6 11. Bb3 $14 ({or} 11. O-O-O $14)) ({or} 9... d6 10. h3 {
Black gets no chances to improve the position of the knight h6.}) 10. Bb3 ({
Accepting the sacrifice by} 10. Qxg4 d5 {White allows Black to develop the
initiative, at least enough to compensate the loss of pawn. E.g.} 11. Qg3 ({or
} 11. Qf3 dxc4 12. dxc4 f5 (12... Be6 13. Qd3 Rc8 (13... Qc7 {is met by} 14. b3
{.}) 14. b3 b5 15. cxb5 Rxc2 $44 {with compensation, deserves attention as
well.}) 13. Ng3 (13. exf5 Bxf5 {><c2}) (13. O-O fxe4 14. Qxe4 Bf5 {><c2}) 13...
Qc7 14. Qd3 (14. Qe2 $2 Be6 $17 {is bad for White.}) 14... fxe4 15. Nxe4 Bf5
$44 16. O-O Rac8 (16... Bxe4 17. Qxe4 Qxc4 $13) 17. b3 (17. c5 Bxe4 18. Qxe4
Qxc5 {><c2}) 17... b5 $36 {with initiative.}) 11... dxc4 12. dxc4 f5 (12... Be6
13. Qd3 {leads us to the position after 11.Qf3 dc 12.dc Be6 13.Qd3.}) 13. e5 (
13. exf5 $6 Bxf5 {ץc2}) 13... Qa5+ 14. Bd2 Qxe5 15. Qxe5 Bxe5 16. f4 $11 {
with an equal ending.}) ({After} 10. Bxf7+ $6 Rxf7 11. Qxg4 Qc7 {White is
unable to defend both of the pawns c2 and f2.}) (10. Qg3 {can be met by} Nf6 $5
{, preparing d7-d5, and if} 11. Bb3 {, then} d5 12. e5 Nh5 {can follow.}) 10...
d6 11. O-O ({After} 11. h4 {Black must stop the advance of the h pawn by the
means of} h5 $1 $13 {with unclear position.}) 11... a5 ({Black tries to weaken
the White pawns' structure on the queen's side, since} 11... Ne5 12. Qg3 Nd7
13. f4 Nc5 14. f5 Nxb3 15. cxb3 $14 {gives White a plus.} (15. axb3 $5 {
is also possible.})) 12. a4 (12. a3 a4 {weakens the pawn c2.}) 12... Ne5 13.
Qg3 Nd7 14. Qh4 ({After} 14. f4 Nc5 15. Bc4 (15. Ba2 {is strongly met with} e6
$1 {preparing f7-f5 and keeping the eye on the pawn a4.} ({After} 15... Be6 $6
16. f5 Bxa2 17. Rxa2 $36 {White has a strong initiative.}) {Now} 16. f5 $6 {
is impossible because of} exf5 17. exf5 Bxf5 18. Rxf5 gxf5 19. Bg5 ({or} 19.
Bh6 Qf6 $15 {and if} 20. Bg5 $140 {, then} Qe5) 19... Qe8 $15 {and if} 20. Bf6
$140 $2 {, then} Qe3+) 15... Be6 16. Bxe6 fxe6 $11 {the position is equal.})
14... Nc5 15. Bg5 ({Both} 15. Bc4 Be6 $11) ({and} 15. Bd5 e6 (15... Be6 $5) 16.
Qxd8 Rxd8 $11 {are equal.}) 15... Re8 $8 {[The only move.]} 16. Bd5 {[Stronger
than} (16. Bc4 Be6 $11 {with equal chances.}) 16... Be6 17. b3 {[A useful move,
defending the pawn a4. Other moves are weaker. E.g.} (17. Bh6 $6 Bxd5 18. Bxg7
(18. exd5 e5) 18... Kxg7 19. exd5 e5) (17. Nf4 Bxd5 18. Nxd5 f6 {and 19...e6.
In comparison with the text, here Black wins 2 tempi.}) (17. f4 Bxd5 18. exd5
f5) (17. Bxe6 Nxe6 18. Bh6 Bf6 {/\Rac8}) 17... Qd7 18. Nf4 (18. Rae1 {can be
met by} Bxd5 $5 19. exd5 e5 20. dxe6 Nxe6 ({White is slightly better after} 
20... Qxe6 21. f3 $14 {.}) 21. Bf6 Bxf6 22. Qxf6 Qd8 $11 {followed by Rac8,
with equal position.}) 18... Bxd5 19. Nxd5 f6 20. Bd2 $1 {[Black bishop g7 is
bad, that's why White must refrain from exchanging it and must not play} (20.
Bh6 {, which will be answered by} Qd8 21. Bxg7 Kxg7 {, followed by e6.}) 20...
Qd8 $1 21. Qg3 e6 (21... Rc8 22. h4 e6 23. Nf4 {leads the game to the same
position as 21...e6.}) 22. Nf4 Rc8 $1 ({After} 22... d5 23. f3 $1 $14 {White
is better.} ({Not} 23. exd5 e5 24. Ne6 Nxe6 25. dxe6 Rxe6 $11 {with equality.})
) 23. h4 {[In order not to find himself in a much worse position after 24.h5
g5 25.Ne2 e5 26.Qf3, followed by Ng3-f5, Black must do something. Despite
being short of time, Black finds a series of moves, solving all his problems.]}
Na6 $1 24. Rac1 Nb4 $1 25. c4 ({After} 25. Bxb4 $6 axb4 {White gets a
permanent weakness on c2. And if} 26. h5 {now, then} ({or} 26. Ne2 f5) 26... g5
27. Ne2 f5 {is possible.}) 25... dxc3 (25... e5 26. Nd5 Nxd5 27. exd5 $14 {
unnecessarily gives White an advantage.}) 26. Rxc3 (26. Bxc3 $4 Na2 {loses an
exchange.}) 26... Rxc3 27. Bxc3 e5 $1 28. Ne2 Nc6 $11 {[The position now is
completely equal.]} 29. h5 Kf7 30. Kh2 ({Or} 30. Qf3 Qb6 31. Rb1 $11) 30... Qb6
$138 31. Rb1 Qc5 32. Qf3 Re7 33. g3 Rd7 34. Kg2 {[And the draw was agreed here.
]} 1/2-1/2